Models i factors per a un nou desenvolupament econòmic local : AtlesDEL / AtlesDEL /
Descripción Física:
125 pàgines : il·lustracions ; 30 cm
Colección:
Eines. Economia i treball
; 1
Materias:
Desenvolupament econòmic local
; Municipis -- Govern i administració -- Barcelona (Catalunya : Província)
Idioma:
Catalán
MARC
| LEADER | 00000nam a2200000 a 4500 | ||
|---|---|---|---|
| 001 | 25627 | ||
| 003 | Arxiu | ||
| 005 | 20260324181113.0 | ||
| 008 | 220524b spa||||| |||| 00| 0 cat d | ||
| 017 | |a DL B 19401-2017 | ||
| 080 | |a Bib-571 | ||
| 100 | |9 50563 |a Ulied, Andreu |e autor | ||
| 245 | |a Models i factors per a un nou desenvolupament econòmic local : |b AtlesDEL / |c Andreu Ulied [i 5 més] | ||
| 260 | |a Barcelona : |b Diputació de Barcelona, |c 2017 | ||
| 300 | |a 125 pàgines : |b il·lustracions ; |c 30 cm | ||
| 490 | |a Eines. Economia i treball ; |v 1 | ||
| 650 | 0 | |a Desenvolupament econòmic local |9 11029 | |
| 650 | 0 | |a Municipis |x Govern i administració |x Barcelona (Catalunya : Província) |9 42329 | |
| 710 | |a Barcelona (Catalunya : Província). |b Gerència de Serveis de Promoció Econòmica i Ocupació |9 51078 | ||
| 942 | |2 udc |n 1 |c ARXIU | ||
| 952 | |0 0 |1 0 |4 0 |6 BIB571 |7 1 |9 62011 |a Arxiu |b Arxiu |d 2022-05-24 |l 0 |o Bib-571 |p 25627 |r 2022-05-24 00:00:00 |w 2022-05-24 |y ARXIU | ||
| 999 | |c 81728 |d 81728 | ||